000 00561nam a2200205Ia 4500
003 OSt
005 20250807174654.0
008 210423s2002 xx 000 0 und d
040 _cAL
041 _aEnglish
082 _a320
_bRAJD
100 _aNalini Rajan
_9116495
245 _aDemocracy and the limits of minority rights
260 _aNew Delhi
_bSage Publications
_c2002
365 _b260
_cINR
650 _aPolitical Science
_9116496
650 _aPolitical Science
_9116496
906 _aDemocracy ; limits ; minority ; rights
942 _2ddc
_cBK
999 _c173593
_d173593